| 000 | 01160cam a2200313 a 4500 | ||
|---|---|---|---|
| 001 | 1635110 | ||
| 003 | ARRUPE | ||
| 005 | 20151112152149.0 | ||
| 008 | 960610r19961945nyu b 000 0 eng | ||
| 010 | _a 96026144 | ||
| 020 | _a0913836516 (alk. paper) | ||
| 040 |
_aDLC _cDLC _dDLC |
||
| 041 | 1 |
_aeng _hfre |
|
| 050 | 0 | 0 |
_aBX382 _b.M65 1996 |
| 082 | 0 | 0 |
_a248/.08/8219 _220 |
| 100 | 0 |
_aMoine de l'Eglise d'Orient, _d1893-1980. _921108 |
|
| 245 | 1 | 0 |
_aOrthodox spirituality : _ban outline of the Orthodox ascetical and mystical tradition / _cby a Monk of the Eastern Church. |
| 250 | _a2nd ed. | ||
| 260 |
_aCrestwood, N.Y. : _bSt. Vladimir's Seminary Press, _c1996. |
||
| 300 |
_axii, 111 p. ; _c19 cm. |
||
| 504 | _aIncludes bibliographical references. | ||
| 650 | 0 |
_aSpiritual life _xOrthodox Eastern Church. _914448 |
|
| 650 | 0 |
_aAscetism _xOrthodox Eastern Church. _921109 |
|
| 650 | 0 |
_aMysticism _xOrthodox Eastern Church. _921110 |
|
| 906 |
_a7 _bcbc _corignew _d1 _eocip _f19 _gy-gencatlg |
||
| 942 |
_2lcc _cMONOGRAPH |
||
| 999 |
_c123795 _d123795 |
||